000
00318nam a2200133Ia 4500
005
20251222143241.0
008
251222s9999||||xx |||||||||||||| ||spa||
020
_a
9789972293634
082
_a
330/A79
245
0
_a
Introducción a la EconomÃa:
250
_a
4ta. ed.
264
_b
Lumbreras Editores
942
_c
LIB
999
_c
14587
_d
14587